Le XVIIIe [i.e. dix-huitième] siècle /

Saved in:
Bibliographic Details
Main Author: Ehrard, Jean
Other Authors: Didier, Béatrice, Mauzi, Robert
Format: Book
Language:French
Published: Paris : Arthaud, [1974]-c1977.
Series:Pichois, Claude. Littérature française ; 9-11.
Subjects:
LEADER 01696nam a2200433 a 4500
001 c000349009
003 CARM
005 20020320202909.0
008 750507m19741977fr a b 000 0 fre
010 |a 75502471 //r78 
015 |a F*** 
019 1 |a 288905  |z 3986078  |z 40259946  |5 LACONCORD2021 
020 |a 270030030X (v. 1) 
035 |a (OCoLC)1058821  |5 LACONCORD2021 
040 |a LC  |b eng  |c LC  |d LC 
043 |a e-fr--- 
050 4 |a PQ101  |b .P56 vol. 9-11  |a PQ261 
082 0 0 |a 840/.9/005 
082 0 0 |a 840/.9 s 
082 0 4 |a 840/.9/005 
082 0 4 |a 840/.9 s 
100 1 |a Ehrard, Jean. 
245 1 3 |a Le XVIIIe [i.e. dix-huitième] siècle /  |c Jean Ehrard, [Robert Mauzi, Béatrice Didier]. 
246 3 |a Dix-huitième siècle 
246 3 |a 18. siècle 
260 |a Paris :  |b Arthaud,  |c [1974]-c1977. 
300 |a 3 v. :  |b ill. ;  |c 22 cm. 
490 0 |a Littérature française, collection dirigée par Claude Pichois ; 9-11 
504 |a Includes bibliographies. 
505 0 |a v. 1. Ehrard, J. 1720-1750.--2. Mauzi, R. et Menant, S. 1750-1778.--3. Didier, B. 1778-1820. 
650 0 |a French literature  |y 18th century  |x History and criticism. 
700 1 |a Didier, Béatrice. 
700 1 |a Mauzi, Robert. 
800 1 |a Pichois, Claude.  |t Littérature française ;  |v 9-11. 
852 8 |b CARM  |h A1:AN03C0  |i C09606  |p 0409643  |f BK 
852 8 |b CARM  |h A1:AO07B0  |i C09485  |p 0400344  |f BK 
999 f f |i ba6e929f-55b7-5878-9312-663100fd0c70  |s c6fb2650-348e-5a4b-beb5-476c6cbe8283 
952 f f |p Can circulate  |a CAVAL  |b CAVAL  |c CAVAL  |d CARM 1 Store  |e C09606  |f A1:AN03C0  |h Other scheme  |i book  |m 0409643 
952 f f |p Can circulate  |a CAVAL  |b CAVAL  |c CAVAL  |d CARM 1 Store  |e C09485  |f A1:AO07B0  |h Other scheme  |i book  |m 0400344